School counseling for the twenty-first century / (Record no. 5074)
[ view plain ]
| 000 -LEADER | |
|---|---|
| fixed length control field | 00754cam a22002294a 4500 |
| 001 - CONTROL NUMBER | |
| control field | 13134587 |
| 005 - DATE AND TIME OF LATEST TRANSACTION | |
| control field | 20250322110808.0 |
| 008 - FIXED-LENGTH DATA ELEMENTS--GENERAL INFORMATION | |
| fixed length control field | 030324s2004 njua b 001 0 eng |
| 020 ## - INTERNATIONAL STANDARD BOOK NUMBER | |
| International Standard Book Number | 0130494852 (casebound) |
| 020 ## - INTERNATIONAL STANDARD BOOK NUMBER | |
| International Standard Book Number | 9780130494856 |
| 050 00 - LIBRARY OF CONGRESS CALL NUMBER | |
| Classification number | LB1731.75 |
| Item number | .B35 2004 |
| 082 00 - DEWEY DECIMAL CLASSIFICATION NUMBER | |
| Classification number | 371.4 |
| Edition information | 21 |
| 100 1# - MAIN ENTRY--PERSONAL NAME | |
| Personal name | Baker, Stanley B., |
| Dates associated with a name | 1935- |
| 245 10 - TITLE STATEMENT | |
| Title | School counseling for the twenty-first century / |
| Statement of responsibility, etc. | Stanley B. Baker, Edwin R. Gerler, Jr. |
| 250 ## - EDITION STATEMENT | |
| Edition statement | 4th ed. |
| 260 ## - PUBLICATION, DISTRIBUTION, ETC. | |
| Place of publication, distribution, etc. | Upper Saddle River, N.J. : |
| Name of publisher, distributor, etc. | Merrill, |
| Date of publication, distribution, etc. | c2004. |
| 300 ## - PHYSICAL DESCRIPTION | |
| Extent | xix, 444 p. : |
| Other physical details | ill. ; |
| Dimensions | 25 cm. |
| 650 #0 - SUBJECT ADDED ENTRY--TOPICAL TERM | |
| Topical term or geographic name entry element | Student counselors |
| General subdivision | Training of |
| Geographic subdivision | United States. |
| 650 #0 - SUBJECT ADDED ENTRY--TOPICAL TERM | |
| Topical term or geographic name entry element | Educational counseling |
| Geographic subdivision | United States. |
| 700 1# - ADDED ENTRY--PERSONAL NAME | |
| Personal name | Gerler, Edwin R. |
| 942 ## - ADDED ENTRY ELEMENTS (KOHA) | |
| Source of classification or shelving scheme | Library of Congress Classification |
| Koha item type | Books |
| Edition | 4th Ed. |
| Suppress in OPAC | No |
| 999 ## - | |
| -- | 5074 |
| -- | 5074 |
| Withdrawn status | Lost status | Source of classification or shelving scheme | Damaged status | Not for loan | Collection | Home library | Current library | Shelving location | Date acquired | Total checkouts | Full call number | Barcode | Date last seen | Copy number | Price effective from | Koha item type |
|---|---|---|---|---|---|---|---|---|---|---|---|---|---|---|---|---|
| Library of Congress Classification | Non-fiction | Business Library (Miotso) | Business Library (Miotso) | General stacks | 03/22/2025 | LB1731.75 .B35 2004 | BSSM00001511 | 03/22/2025 | 1 | 03/22/2025 | Books |